Measure for Measure: Dedicated to the One I Love Quiz Stats

 Plays Quiz not verified by Sporcle

Challenge
Share
Tweet
Embed
Score 0/48 Timer 10:00
0 Plays Today
% Correct
way from you, my
70.8%
way from you, my
62.5%
fore dawn.
62.5%
all the stars a-
58.3%
pecially for
58.3%
And the darkest hour
54.2%
prayer for me, my
54.2%
This is dedi-
54.2%
actly like we
54.2%
could be satis-
54.2%
prayer for me, my
54.2%
go to bed, my
54.2%
hard for me, my
50%
Whisper a
50%
something that
50%
fore dawn.
50%
pecially for
50%
needs.
50%
I
45.8%
hard for you, my
45.8%
go to bed, my
45.8%
needs.
45.8%
Whisper a
45.8%
[rest]
45.8%
% Correct
one thing I want you to
45.8%
Whisper a
45.8%
prayer for me, my
45.8%
all the stars a-
45.8%
love, this is dedicated, this is dedicated.
45.8%
And
41.7%
love. Life can never
41.7%
one thing I want you to
41.7%
And the darkest hour
41.7%
[rest]
41.7%
[rest]
41.7%
Each
41.7%
This is dedi-
41.7%
love, This is dedi-
41.7%
love, This is dedi-
41.7%
love, This is dedi-
41.7%
Each
37.5%
knowing you
37.5%
hard for me, my
37.5%
something that
33.3%
And
33.3%
Be-
29.2%
Be-
25%
While
25%

You're not logged in!

Compare scores with friends on all Sporcle quizzes.
Join for Free
OR
Log In

You Might Also Like...

Show Comments

Extras

Top Quizzes Today


Score Distribution

Your Account Isn't Verified!

In order to create a playlist on Sporcle, you need to verify the email address you used during registration. Go to your Sporcle Settings to finish the process.

Report this User

Report this user for behavior that violates our Community Guidelines.

Details: